Obras de D. Martín Fernández de Navarrete / (Record n. 8040)
[ formato base ]
| 000 -LEADER | |
|---|---|
| fixed length control field | 00781nam a2200229 i 4500 |
| 003 - CONTROL NUMBER IDENTIFIER | |
| control field | IT-RoINE |
| 005 - DATE AND TIME OF LATEST TRANSACTION | |
| control field | 20150220115552.0 |
| 008 - FIXED-LENGTH DATA ELEMENTS--GENERAL INFORMATION | |
| fixed length control field | 900725m19541955sp |r spa d |
| 040 ## - CATALOGING SOURCE | |
| Original cataloging agency | SpMaBN |
| Language of cataloging | spa |
| Transcribing agency | A2 IT-RoINE |
| Modifying agency | IT-RoINE |
| 100 1# - MAIN ENTRY--PERSONAL NAME | |
| Personal name | Fernández de Navarrete, Martín, |
| Dates associated with a name | 1765-1844 |
| 9 (RLIN) | 16629 |
| 240 1# - UNIFORM TITLE | |
| Uniform title | Obras |
| 245 10 - TITLE STATEMENT | |
| Title | Obras de D. Martín Fernández de Navarrete / |
| Statement of responsibility, etc | edición y estudio preliminar de Carlos Seco Serrano. |
| 260 ## - PUBLICATION, DISTRIBUTION, ETC. (IMPRINT) | |
| Place of publication, distribution, etc | Madrid : |
| Name of publisher, distributor, etc | Atlas, |
| Date of publication, distribution, etc | 1954-1955. |
| 300 ## - PHYSICAL DESCRIPTION | |
| Extent | 3 v. ; |
| Dimensions | 26 cm. |
| 336 ## - CONTENT TYPE | |
| Source | rdacontent |
| Content type term | text |
| 337 ## - MEDIA TYPE | |
| Source | rdamedia |
| Media type term | unmediated |
| 338 ## - CARRIER TYPE | |
| Source | rdacarrier |
| Carrier type term | volume |
| 490 10 - SERIES STATEMENT | |
| Series statement | Biblioteca de autores españoles ; |
| Volume number/sequential designation | 75-77 |
| 700 1# - ADDED ENTRY--PERSONAL NAME | |
| Personal name | Seco Serrano, Carlos, |
| 9 (RLIN) | 7279 |
| Dates associated with a name | 1923- |
| 830 #0 - SERIES ADDED ENTRY--UNIFORM TITLE | |
| 9 (RLIN) | 12318 |
| Uniform title | Biblioteca de autores españoles |
| 942 ## - ADDED ENTRY ELEMENTS (KOHA) | |
| Item type | Monografías |
| Withdrawn status | Lost status | Damaged status | Not for loan | Home library | Current library | Date acquired | Total Checkouts | Full call number | Barcode | Date last seen | Price effective from | Koha item type | Public note |
|---|---|---|---|---|---|---|---|---|---|---|---|---|---|
| Iglesia Nacional Española en Roma | Iglesia Nacional Española en Roma | 16/02/2015 | COL.A 20.75 | 10788 | 16/02/2015 | 16/02/2015 | Monografías | V. 1. | |||||
| Iglesia Nacional Española en Roma | Iglesia Nacional Española en Roma | 16/02/2015 | COL.A 20.76 | 10789 | 16/02/2015 | 16/02/2015 | Monografías | V. 2. | |||||
| Iglesia Nacional Española en Roma | Iglesia Nacional Española en Roma | 16/02/2015 | COL.A 20.77 | 10790 | 16/02/2015 | 16/02/2015 | Monografías | V. 3. |